Fortnite Chapter 1 Städte - Sudden Death - Statistiken

Allgemein
  • Dieses Quiz wurde 3.857 mal gespielt
  • Das Durchschnittsergebnis liegt bei 9 aus 15
Answers on the Grid
Answers color-coded by a green-red scale on the quiz's grid according to % correct below.
Salty Springs
Snobby Shores
Retail Row
Craggy Cliffs
Lonely Lodge
Shifty Shafts
Pleasant Piazza
Dirty Docks
Dusty Depot
Frenzy Farm
Fatal Fields
Moisty Mire
The Agency
Sweaty Sands
Pleasant Park
Tilted Towers
Loot Lake
Flush Factory
Slurpy Swamp
Tomato Town
Anarchy Acres
Rocky Reels
Misty Meadows
Wailing Woods
 
Antwortstatistiken
Antwort % Korrekt
Salty Springs
92%
Retail Row
77%
Shifty Shafts
65%
Dusty Depot
64%
Lonely Lodge
60%
Loot Lake
59%
Snobby Shores
56%
Pleasant Park
55%
Tilted Towers
55%
Tomato Town
54%
Wailing Woods
48%
Fatal Fields
46%
Moisty Mire
46%
Anarchy Acres
42%
Flush Factory
40%
Keine übereinstimmenden Quizze gefunden
Verteilung der Resultate
Anzahl Personen mit jedem Resultat
Perzentil nach korrekt beantworteten Fragen
Ihre Resultats-Entwicklung
Sie haben dieses Quiz noch nicht gespielt